banner koha

Winter species promote phytoremediation of soil contaminated with protox-inhibiting herbicides (Registro n. 9202)

MARC details
000 -LÍDER
fixed length control field 05231nab a2200337 i 4500
003 - CÓDIGO MARC DA AGÊNCIA CATALOGADORA
Campo de controle BR-BrBNA
005 - DATA E HORA DA ÚLTIMA ATUALIZAÇÃO
Campo de controle 20230920125421.0
008 - CAMPO DE TAMANHO FIXO
fixed length control field 230523b2019 bl.ar|pooa||| 00| 0 eng |
040 ## - FONTE DA CATALOGAÇÃO
Agência catalogadora BR-BrBNA
Idioma da catalogação eng
072 ## - CATEGORIA AGRIS
Código AGRIS H60
072 ## - CATEGORIA AGRIS
Código AGRIS T01
100 ## - ENTRADA PRINCIPAL - NOME PESSOAL
Nome pessoal Alves, C.
100 ## - ENTRADA PRINCIPAL - NOME PESSOAL
Nome pessoal Galon, L.
100 ## - ENTRADA PRINCIPAL - NOME PESSOAL
Nome pessoal Winter, F.L.
100 ## - ENTRADA PRINCIPAL - NOME PESSOAL
Nome pessoal Basso, F.J.M.
100 ## - ENTRADA PRINCIPAL - NOME PESSOAL
Nome pessoal Holz, C.M.
100 ## - ENTRADA PRINCIPAL - NOME PESSOAL
Nome pessoal Kaizer, R.R.
100 ## - ENTRADA PRINCIPAL - NOME PESSOAL
Nome pessoal Perin, G.F.
245 ## - TÍTULO PRINCIPAL
Título principal Winter species promote phytoremediation of soil contaminated with protox-inhibiting herbicides
500 ## - NOTA GERAL
Nota geral Publicação on-line; 23 ref.; 4 tables; 5 illus.; Summaries (En, Pt)
942 ## - ADDED ENTRY ELEMENTS (KOHA)
Koha item type
520 ## - NOTA DE RESUMO
Nota de conteúdo <br/><br/>ABSTRACT - Phytoremediation comprises one of the main forms of decontamination<br/>of organic and inorganic substances in the soil, being economically viable and with<br/>a low environmental impact. The aim of this study was to verify the efficiency of<br/>winter plant species in the phytoremediation of soil contaminated with fomesafen<br/>and sulfentrazone using cucumber as an indicator species to the presence of residue.<br/>The experimental design was a completely randomized design arranged in a 6 x 4<br/>factorial scheme with four replications for each herbicide. Factor A consisted of the<br/>phytoremediator species black oats, garden vetch, radish, bird’s-foot trefoil, white<br/>lupine, and a treatment without prior cultivation. Factor B, on the other hand, consisted<br/>of the doses of fomesafen (0.000, 0.125, 0.250, and 0.500 kg h-1) or sulfentrazone<br/>(0.000, 0.300, 0.600 and 1,200 kg ha-1) applied in crop pre-emergence. At 45 days after<br/>sowing, the phytoremediator species were cut close to the soil. Subsequently, the<br/>bioindicator species of herbicide residues in the soil (cucumber) was sown in the<br/>pot. Phytotoxicity of herbicides to cucumber plants was assessed at 7, 14, 21, and<br/>28 days after emergence (DAE). At 28 DAE, leaf area, height, and dry matter were<br/>determined in the bioindicator plant. Fomesafen and sulfentrazone doses interfered<br/>negatively with the assessed variables of cucumber when cultivated in succession<br/>to phytoremediator species. Cucumber phytotoxicity increased for all potential<br/>phytoremediator species as fomesafen and sulfentrazone doses increased.<br/>Sulfentrazone residues promoted the highest toxic effects on the bioindicator plant<br/>when compared to fomesafen. In general, black oats, radish, and white lupine were<br/>the species with the highest capacity to phytoremediate soil contaminated with<br/>fomesafen and sulfentrazone when applying the dose and twice the recommended<br/>doses of the herbicides.<br/><br/>Keywords: Cucumis sativus, carryover, soil remediation.<br/>
520 ## - NOTA DE RESUMO
Nota de conteúdo <br/><br/>RESUMO - A fitorremediação compreende uma das principais formas de<br/>descontaminação de substâncias orgânicas e inorgânicas no solo, economicamente<br/>viável e de baixo impacto ambiental. Objetivou-se com este trabalho verificar a<br/>eficiência de espécies vegetais de inverno na fitorremediação de solo contaminado<br/>com fomesafen e sulfentrazone, utilizando pepino como espécie indicadora da<br/>presença de resíduo. O delineamento utilizado foi o inteiramente casualizado,<br/>arranjado em esquema fatorial 6 x 4, com quatro repetições para cada herbicida.<br/>No fator A foram alocadas as espécies fitorremediadoras: aveia-preta, ervilhaca,<br/>nabo, cornichão, tremoço e um tratamento sem cultivo prévio; e no fator B, as<br/>doses de fomesafen (0,000; 0,125; 0,250 e 0,500 kg ha-1) ou sulfentrazone (0,000;<br/>0,300; 0,600 e 1.200 kg ha-1), aplicadas em pré-emergência das culturas. Aos<br/>45 dias após a semeadura, as espécies fitorremediadoras foram seccionadas rente<br/>ao solo. Posteriormente, efetuou-se, no próprio vaso, a semeadura da espécie bioindicadora de resíduos<br/>de herbicidas no solo (pepino). A fitotoxicidade dos herbicidas às plantas de pepino foi avaliada aos 7,<br/>14, 21 e 28 dias após a emergência (DAE). Aos 28 DAE, determinou-se a área foliar, altura e matéria<br/>seca da planta bioindicadora. As doses de fomesafen e sulfentrazone interferiram negativamente nas<br/>variáveis avaliadas do pepino, quando cultivado em sucessão às espécies fitorremediadoras.<br/>A fitotoxicidade ao pepino aumentou, para todas as espécies potencialmente fitorremediadoras, com o<br/>incremento das doses de fomesafen e sulfentrazone. Os resíduos de sulfentrazone promoveram os maiores<br/>efeitos tóxicos sobre a planta bioindicadora do que o fomesafen. De modo geral, a aveia-preta, o nabo<br/>e o tremoço foram as espécies que apresentaram a maior capacidade de fitorremediar solos contaminados<br/>com fomesafen e sulfentrazone ao se aplicar a dose e o dobro das doses recomendadas dos herbicidas<br/><br/>Palavras-chave: Cucumis sativus, carryover, despoluição de solo.
650 ## - ASSUNTO - THESAGRO
Cabeçalho tópico ou nome geográfico CUCUMIS SATIVUS
650 ## - ASSUNTO - THESAGRO
Cabeçalho tópico ou nome geográfico POLUIÇÃO DO SOLO
650 ## - ASSUNTO - THESAGRO
Cabeçalho tópico ou nome geográfico CONTAMINAÇÃO
650 ## - ASSUNTO - THESAGRO
Cabeçalho tópico ou nome geográfico HERBICIDA
773 0# - ENTRADA ANALÍTICA
Host Biblionumber 886
Registro do item 1816
Imprenta Londrina-PR : Sociedade Brasileira da Ciência das Plantas Daninhas, 1978
Outro identificador 2023-031023
Título Planta Daninha (Brazil)
ISSN 0100-8358; 1806-9681 (on-line)
Colação v. 37 p. 1-12; (2019)
Número de controle de registro BR2023000420
856 ## - ACESSO E ENDEREÇO ELETRÔNICO
Identificador uniforme de recurso - URI https://www.scielo.br/j/pd/a/cS4bNWRmntp6Ct8J3Wf8K3Q/?format=pdf&lang=en

Nenhum exemplar disponível.

BINAGRI

Telefone: (61)3218-2567/2388/3357/2097 - binagri@agro.gov.br

Ministério da Agricultura e Pecuária , Esplanada dos Ministérios, Bloco D, Anexo B, Brasília/DF, CEP: 70.043-900